Điệp viên hoàn hảo = Perfect spy : Cuộc đời hai mặt không thể tin được của Phạm Xuân Ẩn

Sparad:
Bibliografiska uppgifter
Huvudupphovsman: Berman, Larry
Materialtyp: Bok
Språk:Undetermined
Publicerad: Hà Nội Thông tấn 2007
Ämnen:
Taggar: Lägg till en tagg
Inga taggar, Lägg till första taggen!
Thư viện lưu trữ: Trung tâm Học liệu Trường Đại học Cần Thơ
LEADER 00729nam a2200205Ia 4500
001 CTU_129487
008 210402s9999 xx 000 0 und d
020 |c 120000 
082 |a 327.12 
082 |b B516 
100 |a Berman, Larry 
245 0 |a Điệp viên hoàn hảo = 
245 0 |b Perfect spy : Cuộc đời hai mặt không thể tin được của Phạm Xuân Ẩn 
245 0 |c Berman Larry ; Người dịch: Nguyễn Đại Phượng 
260 |a Hà Nội 
260 |b Thông tấn 
260 |c 2007 
650 |a Secret service,Espionage,Spies,Hoạt động tình báo,Gián điệp 
904 |i Giang 
980 |a Trung tâm Học liệu Trường Đại học Cần Thơ